Abrégé de diététique et de nutrition (Record no. 17497)
[ view plain ]
| 000 -LEADER | |
|---|---|
| fixed length control field | 00401 a2200181 4500 |
| 035 ## - SYSTEM CONTROL NUMBER | |
| System control number | 3103 |
| 035 ## - SYSTEM CONTROL NUMBER | |
| System control number | 9670 |
| 100 ## - VEDETTE PRINCIPALE - NOM DE PERSONNE | |
| Personal name | Apfelbaum, M. |
| 250 ## - EDITION STATEMENT | |
| Edition statement | 6ème éd. |
| 245 ## - TITLE STATEMENT | |
| Title | Abrégé de diététique et de nutrition |
| 260 ## - PUBLICATION, DISTRIBUTION, ETC. (IMPRINT) | |
| Date of publication, distribution, etc | 1982 |
| 300 ## - PHYSICAL DESCRIPTION | |
| Extent | XIII-472 P. |
| 700 ## - ADDED ENTRY--PERSONAL NAME | |
| Personal name | Forrat, C. |
| 700 ## - ADDED ENTRY--PERSONAL NAME | |
| Personal name | nillus, P |
| Withdrawn status | Lost status | Damaged status | Not for loan | Location (home branch) | Sublocation or collection (holding branch) | Date acquired | Koha issues (times borrowed) | Koha full call number | Koha date last seen | Price effective from | Koha item type |
|---|---|---|---|---|---|---|---|---|---|---|---|
| Bibliothèque Faculté des Sciences de la Santé | Bibliothèque Faculté des Sciences de la Santé | 27/02/2009 | WB 405 APF | 27/02/2009 | 27/02/2009 | Livre |